[Event "HUN-chT2 Barcza 0607"]
[Site "Hungary"]
[Date "2007.03.04"]
[Round "6"]
[White "Belteczky, Mihaly"]
[Black "Kristof, Peter"]
[Result "1/2-1/2"]
[WhiteElo "1957"]
[BlackElo "2187"]
[PlyCount "110"]
[EventDate "2006.11.12"]
[EventType "team"]
[EventRounds "11"]
[EventCountry "HUN"]
[SourceTitle "EXT 2008"]
[Source "ChessBase"]
[SourceDate "2007.11.25"]
[SourceVersion "1"]
[SourceVersionDate "2007.11.25"]
[SourceQuality "1"]
[WhiteTeam "Piremon"]
[BlackTeam "Edeleny II"]
[WhiteTeamCountry "HUN"]
[BlackTeamCountry "HUN"]

1. e4 e6 2. d4 d5 3. exd5 exd5 4. Bd3 Nf6 5. h3 Nc6 6. c3 Bd6 7. Nf3 Be6 8. Be3 Qd7 9. Nbd2 h6 10. Nb3 b6 11. Qc2 Nh5 12. Qd2 0-0-0 13. Nc1 f5 14. Ne2 g5 15. Qc2 f4 16. Bd2 Rhf8 17. Bb5 Qe8 18. 0-0-0 Bd7 19. Rde1 Ne7 20. Bxd7+ Qxd7 21. Kb1 Qf5 22. Nc1 Nf6 23. Ne5 Ne4 24. Ned3 Ng6 25. f3 Ng3 26. Rhg1 Rde8 27. Nf2 Nh4 28. Ng4 h5 29. Nf2 Qxc2+ 30. Kxc2 Rxe1 31. Bxe1 Ngf5 32. Nd1 Re8 33. Kd2 c5 34. Bf2 Kd7 35. Nd3 c4 36. Nc1 Rg8 37. Ke2 Re8+ 38. Kd2 b5 39. a3 a5 40. Na2 Ng3 41. Nc1 Ngf5 42. Bxh4 Nxh4 43. Na2 g4 44. hxg4 hxg4 45. fxg4 f3 46. g3 f2 47. Rf1 Nf3+ 48. Kc1 Bxg3 49. Nxf2 Nh2 50. Rh1 Re2 51. Nh3 Nf3 52. Kb1 Nd2+ 53. Ka1 Nb3+ 54. Kb1 Nd2+ 55. Ka1 Nb3+ 1/2-1/2

[Event "HUN-chT2 Barcza 0607"]
[Site "Hungary"]
[Date "2006.12.17"]
[Round "4"]
[White "Baranyai, Szabolcs Jr"]
[Black "Belteczky, Mihaly"]
[Result "1-0"]
[WhiteElo "2239"]
[BlackElo "1957"]
[PlyCount "51"]
[EventDate "2006.11.12"]
[EventType "team"]
[EventRounds "11"]
[EventCountry "HUN"]
[SourceTitle "EXT 2008"]
[Source "ChessBase"]
[SourceDate "2007.11.25"]
[SourceVersion "1"]
[SourceVersionDate "2007.11.25"]
[SourceQuality "1"]
[WhiteTeam "Hajduszoboszlo"]
[BlackTeam "Piremon"]
[WhiteTeamCountry "HUN"]
[BlackTeamCountry "HUN"]

1. e4 c5 2. Nf3 Nc6 3. Bb5 g6 4. 0-0 Bg7 5. c3 e5 6. d4 cxd4 7. cxd4 exd4 8. Bf4 a6 9. Qa4 Qb6 10. Na3 Qa7 11. Bxc6 dxc6 12. Nc4 Ne7 13. Nd6+ Kf8 14. Ng5 Be6 15. Nxe6+ fxe6 16. Qb3 b5 17. Qxe6 Ng8 18. Nc8 Rxc8 19. Qxc8+ Kf7 20. Qxc6 Ne7 21. Qd6 Rc8 22. Rac1 Qb7 23. Bg5 Rxc1 24. Rxc1 Qxe4 25. Bxe7 Be5 26. Qd7 1-0

[Event "Balazs Diak Cup U18 2nd"]
[Site "Balatonlelle"]
[Date "2006.07.06"]
[Round "6"]
[White "Belteczky, Mihaly"]
[Black "Berki, Ferenc"]
[Result "1/2-1/2"]
[WhiteElo "1984"]
[BlackElo "2046"]
[PlyCount "74"]
[EventDate "2006.07.01"]
[EventType "swiss"]
[EventRounds "9"]
[EventCountry "HUN"]
[SourceTitle "CBM 113 Extra"]
[Source "ChessBase"]
[SourceDate "2006.09.14"]
[SourceVersion "1"]
[SourceVersionDate "2006.09.14"]
[SourceQuality "1"]

1. d4 d5 2. e3 Nf6 3. Bd3 c6 4. Nd2 Bg4 5. f3 Bh5 6. Ne2 Nbd7 7. Ng3 Bg6 8. Be2 e5 9. dxe5 Nxe5 10. f4 Bd6 11. fxe5 Bxe5 12. Bd3 Qd6 13. Ndf1 Qb4+ 14. Qd2 Qh4 15. a3 0-0-0 16. Qb4 Ne4 17. Bd2 c5 18. Qa4 c4 19. Bxe4 Bxe4 20. 0-0-0 Bxg2 21. Rg1 Bf3 22. Re1 Qf6 23. c3 Rd6 24. e4 Ra6 25. Qb4 d4 26. Ne2 Bxe2 27. Rxe2 dxc3 28. Bxc3 Bxc3 29. bxc3 Rb6 30. Qc5+ Kb8 31. Qd4 Qe7 32. Rd2 Qxa3+ 33. Kd1 Qa1+ 34. Ke2 Rb1 35. Qd6+ Kc8 36. Qd7+ Kb8 37. Qd6+ Kc8 1/2-1/2

[Event "Balazs Diak Cup U18 2nd"]
[Site "Balatonlelle"]
[Date "2006.07.03"]
[Round "3"]
[White "Balog, Marton"]
[Black "Belteczky, Mihaly"]
[Result "1-0"]
[WhiteElo "2225"]
[BlackElo "1984"]
[PlyCount "111"]
[EventDate "2006.07.01"]
[EventType "swiss"]
[EventRounds "9"]
[EventCountry "HUN"]
[SourceTitle "CBM 113 Extra"]
[Source "ChessBase"]
[SourceDate "2006.09.14"]
[SourceVersion "1"]
[SourceVersionDate "2006.09.14"]
[SourceQuality "1"]

1. e4 d5 2. exd5 Nf6 3. Bb5+ Bd7 4. Be2 Nxd5 5. d4 Bf5 6. Nf3 e6 7. 0-0 Be7 8. a3 0-0 9. c4 Nb6 10. Nc3 Bf6 11. h3 Nc6 12. Be3 Qd7 13. b4 Rad8 14. Ra2 Nxd4 15. Nxd4 Bxd4 16. Rd2 e5 17. Nb5 Qe7 18. Nxd4 exd4 19. Bxd4 Rfe8 20. Be3 Be6 21. Rxd8 Rxd8 22. Qc2 Rd7 23. Re1 Qd8 24. a4 a6 25. a5 Nc8 26. Bf3 c6 27. Be4 h6 28. Bf5 Bxf5 29. Qxf5 Rd1 30. Rxd1 Qxd1+ 31. Kh2 Ne7 32. Qe5 Qd7 33. Bc5 Ng6 34. Qg3 Kh7 35. Qe3 Qc7+ 36. g3 Qe5 37. Qd3 Qc7 38. f4 Kg8 39. Kg2 Nf8 40. Bxf8 Kxf8 41. Kf3 f6 42. c5 Ke7 43. Ke4 Kf7 44. Qc4+ Kf8 45. Qe6 Qe7 46. Qxe7+ Kxe7 47. f5 Kf7 48. Kf4 h5 49. g4 hxg4 50. Kxg4 Kf8 51. Kh5 Kf7 52. h4 g6+ 53. fxg6+ Kg7 54. Kg4 Kxg6 55. Kf4 f5 56. h5+ 1-0

[Event "HUN-chT2 Barcza 0506"]
[Site "Hungary"]
[Date "2006.04.09"]
[Round "10"]
[White "Miklosi, Attila"]
[Black "Belteczky, Mihaly"]
[Result "1-0"]
[WhiteElo "2021"]
[BlackElo "1984"]
[PlyCount "79"]
[EventDate "2005.10.16"]
[EventType "team"]
[EventRounds "11"]
[EventCountry "HUN"]
[SourceTitle "EXT 2009"]
[Source "ChessBase"]
[SourceDate "2008.11.26"]
[SourceVersion "1"]
[SourceVersionDate "2008.11.26"]
[SourceQuality "1"]
[WhiteTeam "Hajduboszormeny II"]
[BlackTeam "Piremon II"]
[WhiteTeamCountry "HUN"]
[BlackTeamCountry "HUN"]

1. e4 d5 2. exd5 Nf6 3. d4 Nxd5 4. c4 Nb6 5. Nc3 Nc6 6. d5 Ne5 7. Bf4 Ng6 8. Bg3 Bd7 9. c5 Nc8 10. Nb5 e5 11. dxe6 Bxb5 12. Bxb5+ Ke7 13. Qd7+ Qxd7 14. exd7 c6 15. dxc8Q Rxc8 16. Bc4 Kf6 17. Bd6 b6 18. Bxf8 Rhxf8 19. cxb6 axb6 20. Nf3 Rfe8+ 21. Kd2 Rcd8+ 22. Kc2 b5 23. Bd3 Nf4 24. Rad1 Nxg2 25. Rhg1 Nf4 26. Rge1 Rxe1 27. Nxe1 h5 28. Be4 Rxd1 29. Kxd1 c5 30. Nd3 Nxd3 31. Bxd3 c4 32. Be2 h4 33. a4 bxa4 34. Bxc4 g5 35. Bb5 Ke5 36. Bxa4 f5 37. Ke2 Kf4 38. b4 Ke5 39. Kd3 g4 40. Bd7 1-0

[Event "HUN-chT 0506"]
[Site "Hungary"]
[Date "2006.03.19"]
[Round "9"]
[White "Belteczky, Mihaly"]
[Black "Istvanovszky, Martin"]
[Result "0-1"]
[WhiteElo "1966"]
[BlackElo "2149"]
[PlyCount "60"]
[EventDate "2005.10.16"]
[EventType "team"]
[EventRounds "11"]
[EventCountry "HUN"]
[SourceTitle "EXT 2007"]
[Source "ChessBase"]
[SourceDate "2006.11.23"]
[SourceVersion "1"]
[SourceVersionDate "2006.11.23"]
[SourceQuality "1"]

1. e4 c5 2. f4 Nc6 3. Nf3 g6 4. c3 Bg7 5. d4 cxd4 6. cxd4 d6 7. d5 Nb8 8. Qa4+ Bd7 9. Qb3 Na6 10. Be3 Qa5+ 11. Nbd2 Nc5 12. Bxc5 Qxc5 13. e5 Nh6 14. Ne4 Qa5+ 15. Nc3 dxe5 16. fxe5 0-0 17. Be2 Ng4 18. 0-0 Qc5+ 19. Kh1 Nf2+ 20. Rxf2 Qxf2 21. Qxb7 Bg4 22. Rf1 Qb6 23. Qxb6 axb6 24. d6 exd6 25. exd6 Rfd8 26. Ne4 Bf5 27. Nfd2 Ra4 28. Bb5 Rxe4 29. Nxe4 Bxe4 30. Re1 Rxd6 0-1

[Event "HUN-chT 0506"]
[Site "Hungary"]
[Date "2005.12.04"]
[Round "5"]
[White "Belteczky, Mihaly"]
[Black "Toth, Lili"]
[Result "1/2-1/2"]
[WhiteElo "1966"]
[BlackElo "2173"]
[PlyCount "90"]
[EventDate "2005.10.16"]
[EventType "team"]
[EventRounds "11"]
[EventCountry "HUN"]
[SourceTitle "EXT 2007"]
[Source "ChessBase"]
[SourceDate "2006.11.23"]
[SourceVersion "1"]
[SourceVersionDate "2006.11.23"]
[SourceQuality "1"]

1. e4 e6 2. d4 d5 3. exd5 exd5 4. Bd3 Nc6 5. c3 Bd6 6. Qf3 Be6 7. Ne2 Qd7 8. h3 Nf6 9. Bf4 0-0-0 10. Bxd6 Qxd6 11. Nd2 Kb8 12. 0-0-0 Nd7 13. Qf4 Qf8 14. Nb3 f6 15. Bf5 Bxf5 16. Qxf5 Nb6 17. Nc5 g6 18. Qf3 Qd6 19. Rhe1 Rde8 20. Nf4 Nd8 21. g3 c6 22. Re2 Re7 23. Rde1 Rhe8 24. Rxe7 Rxe7 25. Rxe7 Qxe7 26. Qe2 Qxe2 27. Nxe2 Kc7 28. Nf4 Kd6 29. Kc2 Nc8 30. Kd2 Ne7 31. Ke3 b6 32. Ncd3 c5 33. Ne2 Ndc6 34. g4 f5 35. Ng3 fxg4 36. hxg4 Ng8 37. f4 Nh6 38. Ne5 cxd4+ 39. cxd4 Nb4 40. g5 Nf5+ 41. Nxf5+ gxf5 42. a3 Nc2+ 43. Kd3 Ne1+ 44. Ke2 Ng2 45. Kf3 Ne1+ 1/2-1/2

[Event "HUN-chT2 Barcza 0304"]
[Site "Hungary"]
[Date "2004.02.22"]
[Round "8"]
[White "Fulop, Norbert"]
[Black "Belteczky, Mihaly"]
[Result "1/2-1/2"]
[WhiteElo "1898"]
[BlackElo "1728"]
[PlyCount "67"]
[EventDate "2003.08.29"]
[EventType "team"]
[EventRounds "11"]
[EventCountry "HUN"]
[SourceTitle "EXT 2009"]
[Source "ChessBase"]
[SourceDate "2008.11.26"]
[SourceVersion "1"]
[SourceVersionDate "2008.11.26"]
[SourceQuality "1"]
[WhiteTeam "Piremon II"]
[BlackTeam "Szabolcs Volan"]
[WhiteTeamCountry "HUN"]
[BlackTeamCountry "HUN"]

1. e4 c5 2. Nf3 e6 3. b3 d6 4. Bb2 Nd7 5. d3 Ngf6 6. Nbd2 Be7 7. g3 b5 8. Bg2 Bb7 9. 0-0 0-0 10. Ne1 Qc7 11. f4 Rac8 12. Qe2 e5 13. f5 d5 14. c4 bxc4 15. bxc4 d4 16. Nb3 Rb8 17. Bc1 h6 18. Bd2 Nh7 19. Nf3 Nhf6 20. Ne1 Nh7 21. Nf3 Nhf6 22. h3 Nh5 23. Kh2 Nb6 24. Ne1 Nf6 25. Bf3 Kh7 26. g4 Nfd7 27. Rg1 g5 28. Qg2 f6 29. Bd1 Rg8 30. Nf3 Bd6 31. h4 Be7 32. Qh3 Kg7 33. Kg2 Rh8 34. Rh1 1/2-1/2

[Event "HUN-chT2 Barcza 0304"]
[Site "Hungary"]
[Date "2003.11.16"]
[Round "3"]
[White "Belteczky, Mihaly"]
[Black "Kocsis, Denes"]
[Result "1-0"]
[WhiteElo "1728"]
[BlackElo "1937"]
[PlyCount "46"]
[EventDate "2003.08.29"]
[EventType "team"]
[EventRounds "11"]
[EventCountry "HUN"]
[SourceTitle "EXT 2009"]
[Source "ChessBase"]
[SourceDate "2008.11.26"]
[SourceVersion "1"]
[SourceVersionDate "2008.11.26"]
[SourceQuality "1"]
[WhiteTeam "Szabolcs Volan"]
[BlackTeam "DEAC"]
[WhiteTeamCountry "HUN"]
[BlackTeamCountry "HUN"]

1. e4 c5 2. Nf3 a6 3. d4 cxd4 4. Nxd4 Nf6 5. Nc3 e5 6. Nf5 d5 7. Ng3 Bb4 8. Bd2 Nc6 9. exd5 Nxd5 10. Nge4 Bf5 11. Bd3 Nxc3 12. bxc3 Bxe4 13. Bxe4 Bc5 14. Qf3 Qf6 15. Qxf6 gxf6 16. Rb1 Na5 17. Ke2 Rd8 18. Bxb7 Bxf2 19. Bxa6 Rg8 20. c4 Rxg2 21. Kf3 Rxd2 22. Kxg2 Rxc2 23. Rbc1 Be3+ 1-0

[Event "HUN-chT2 Barcza 0304"]
[Site "Hungary"]
[Date "2003.09.28"]
[Round "1"]
[White "Belteczky, Mihaly"]
[Black "Hatvani, Jozsef"]
[Result "1/2-1/2"]
[WhiteElo "1728"]
[BlackElo "1845"]
[PlyCount "82"]
[EventDate "2003.08.29"]
[EventType "team"]
[EventRounds "11"]
[EventCountry "HUN"]
[SourceTitle "EXT 2009"]
[Source "ChessBase"]
[SourceDate "2008.11.26"]
[SourceVersion "1"]
[SourceVersionDate "2008.11.26"]
[SourceQuality "1"]
[WhiteTeam "Szabolcs Volan"]
[BlackTeam "Tiszaujvaros"]
[WhiteTeamCountry "HUN"]
[BlackTeamCountry "HUN"]

1. e4 g6 2. d4 Bg7 3. Nc3 d6 4. Be3 Nf6 5. Bd3 0-0 6. f3 e5 7. Nge2 c6 8. Qd2 b5 9. 0-0-0 a5 10. g4 a4 11. Bh6 b4 12. Nb1 b3 13. cxb3 axb3 14. a3 Qb6 15. Bxg7 Kxg7 16. g5 Nh5 17. dxe5 dxe5 18. Qc3 Re8 19. Nd2 Ba6 20. Bc4 Qc5 21. Bxb3 Qxc3+ 22. Nxc3 Nf4 23. Rhg1 Bd3 24. Bc4 Na6 25. Bxd3 Nxd3+ 26. Kb1 Reb8 27. Nc4 Nac5 28. Kc2 Nf4 29. Nxe5 Rb6 30. Rd6 Nfe6 31. Nd5 Nd4+ 32. Kb1 Rb3 33. Nc3 Rab8 34. Rxd4 Rxb2+ 35. Kc1 Ra2 36. Rb4 Nb3+ 37. Kd1 Rd8+ 38. Ke1 Nd4 39. Kf1 Nc2 40. Rb7 Ne3+ 41. Ke1 Nc2+ 1/2-1/2